000 00753nam a2200217Ia 4500
003 GCL
008 140319s9999 xx 000 0 ara d
040 _aGCL /
_cGCL
082 0 4 _a341.04
_bف م
100 1 _aفوزى اوصديق
245 1 0 _aمبدا التدخل والسيادة :
_bلماذا وكيف ؟ /
_cفوزى اوصديق
250 _aالاولى
260 _aالقاهرة :
_bدار الكتاب الحديث ،
_c1999
300 _a387 ص ؛
_c24 سم
650 0 4 _aقانون العقوبات
650 0 4 _aالتعاون الدولى
650 0 4 _aالمنظمات الدولية
650 0 4 _aالرقابة الدولية - الخارجية
650 0 4 _aالقانون الدولى الجنائى
942 _2ddc
_cBK
999 _c6721
_d6721